ViDA – Návrh smernice v oblasti dph a jej uplatňovanie v praxi
Digitálna ekonomika a technologický vývoj priniesli so sebou vznik nových obchodných modelov. Nakoľko existujúce pravidlá DPH nie sú prispôsobené digitálnej ekonomike, ich modernizácia je nevyhnutým predpokladom efektívneho fungovania spoločného systému DPH.
Guardado en:
| Autor principal: | |
|---|---|
| Formato: | Capítulo de libro |
| Lenguaje: | eslovaco |
| Materias: | |
| Etiquetas: |
Sin Etiquetas, Sea el primero en etiquetar este registro!
|
MARC
| LEADER | 00000naa$a2200000$$$4500 | ||
|---|---|---|---|
| 001 | 0306026 | ||
| 005 | 20250127100636.2 | ||
| 041 | 0 | |a slo | |
| 044 | |a SK | ||
| 245 | 1 | 0 | |a ViDA – Návrh smernice v oblasti dph a jej uplatňovanie v praxi |c Marcela Rabatinová |
| 520 | |a Digitálna ekonomika a technologický vývoj priniesli so sebou vznik nových obchodných modelov. Nakoľko existujúce pravidlá DPH nie sú prispôsobené digitálnej ekonomike, ich modernizácia je nevyhnutým predpokladom efektívneho fungovania spoločného systému DPH. | ||
| 610 | 2 | 0 | |a legislatíva |
| 610 | 2 | 0 | |a hodnota pridaná |
| 610 | 2 | 0 | |a dane |
| 610 | 2 | 0 | |a ekonomika digitálna |
| 610 | 2 | 0 | |a zdaňovanie |
| 100 | 1 | |a Rabatinová, Marcela, 1977- | |